000 00623nam a22002177a 4500
003 KOHA_MİRAKIL
005 20260406115734.0
008 260406b tu ||||| |||| 00| 0 tur d
020 _a9786250006009
040 _aTR-AnABB
_btur
_cTR-AnABB
041 _atur
082 _a813.42
_bAKS 2022
100 1 _aAksu, Yüksel İskender
245 1 0 _aKarayemiş kuşları /
_cYüksel İskender Aksu
260 _aTrabzon :
_bKıyı yayıncılık,
_c2020
300 _a289 sayfa ;
_c20 cm
500 _aYazar imzalı
650 0 4 _aTürk edebiyatı, roman
900 _bCan ÇELIK
942 _2ddc
_cBK
999 _c10169
_d10169